Mr. Men - Statistics

General Stats
  • This quiz has been taken 772 times
  • The average score is 18 of 50
Answer Stats
Hint Answer % Correct
1971 Happy
93%
1971 Tickle
82%
1971 Bump
77%
1978 Tall
72%
1972 Small
71%
1978 Grumpy
69%
1976 Strong
63%
1971 Greedy
59%
1972 Messy
59%
1971 Nosey
49%
1972 Snow
45%
1972 Silly
44%
1971 Sneeze
44%
1972 Topsy-Turvy
44%
1972 Uppity
42%
1978 Clever
41%
1976 Noisy
41%
1976 Bounce
40%
1978 Quiet
39%
1976 Chatterbox
37%
1976 Funny
37%
1976 Lazy
37%
1976 Jelly
36%
1978 Rush
36%
1978 Clumsy
35%
1978 Slow
35%
1976 Mean
32%
1976 Forgetful
30%
1976 Fussy
28%
1978 Skinny
27%
1972 Daydream
26%
2002 Christmas
25%
1976 Dizzy
25%
1976 Muddle
25%
1976 Impossible
24%
1978 Nonsense
23%
2003 Rude
23%
1978 Busy
22%
1990 Perfect
21%
1990 Brave
20%
1978 Mischief
20%
1978 Worry
20%
2003 Good
19%
1978 Wrong
18%
1990 Cheerful
17%
2003 Cool
16%
1978/2010 Nobody
16%
1990 Grumble
14%
2006 Birthday
13%
2001 Cheeky
5%
No matching quizzes found
Score Distribution
Percent of People with Each Score
Percentile by Number Answered
Your Score History
You have not taken this quiz